Скандий и редкие элементы в углях Кузбасса; Благородные и редкие металлы; Ч. 1

Xehetasun bibliografikoak
Parent link:Благородные и редкие металлы: сборник информационных материалов международной конференции "БРМ -94", 19-22 сентября 1994 г., Донецк/ Международная инженерная академия; Государственный Комитет Украины по вопросам науки и технологии.— , 1994
Ч. 1.— 1994.— С. 45-46
Beste egile batzuk: Поцелуев А. А. Анатолий Алексеевич, Арбузов С. И. Сергей Иванович, Рихванов Л. П. Леонид Петрович, Ершов В. В. Василий Владимирович, Чижик И. А., Трушкин А. М., Колмаков В. А., Глухов В. Н.
Hizkuntza:errusiera
Argitaratua: 1994
Gaiak:
Formatua: MixedMaterials Liburu kapitulua
KOHA link:https://koha.lib.tpu.ru/cgi-bin/koha/opac-detail.pl?biblionumber=163680

MARC

LEADER 00000naa2a2200000 4500
001 163680
005 20231225092530.0
035 |a (RuTPU)RU\TPU\book\177586 
090 |a 163680 
100 |a 20090820d1994 k y0rusy50 ca 
101 0 |a rus 
102 |a RU 
200 1 |a Скандий и редкие элементы в углях Кузбасса  |f А. А. Поцелуев [и др.] 
461 0 |0 (RuTPU)RU\TPU\book\78199  |t Благородные и редкие металлы  |o сборник информационных материалов международной конференции "БРМ -94", 19-22 сентября 1994 г., Донецк  |o в 4-х ч.  |f Международная инженерная академия; Государственный Комитет Украины по вопросам науки и технологии  |d 1994 
463 0 |0 (RuTPU)RU\TPU\book\78201  |t Ч. 1  |v С. 45-46  |d 1994  |p 107 с. 
610 1 |a труды учёных ТПУ 
701 1 |a Поцелуев  |b А. А.  |c геолог  |c профессор Томского политехнического университета, доктор геолого-минералогических наук  |f 1952-  |g Анатолий Алексеевич  |3 (RuTPU)RU\TPU\pers\26071 
701 1 |a Арбузов  |b С. И.  |c российский геолог и геохимик  |c профессор Томского политехнического университета, доктор геолого-минералогических наук  |f 1959-  |g Сергей Иванович  |3 (RuTPU)RU\TPU\pers\24710  |4 070  |9 10962 
701 1 |a Рихванов  |b Л. П.  |c российский ученый, геолог  |c профессор Томского политехнического университета, доктор геолого-минералогических наук  |c заслуженный геолог РФ  |c почетный работник высшего образования РФ  |f 1945-  |g Леонид Петрович  |3 (RuTPU)RU\TPU\pers\23187  |4 070 
701 1 |a Ершов  |b В. В.  |c российский геохимик  |c доцент Томского политехнического университета  |g Василий Владимирович  |3 (RuTPU)RU\TPU\pers\26066  |4 070 
701 1 |a Чижик  |b И. А. 
701 1 |a Трушкин  |b А. М. 
701 1 |a Колмаков  |b В. А. 
701 1 |a Глухов  |b В. Н. 
801 1 |a RU  |b 63413507  |c 20090820 
801 2 |a RU  |b 63413507  |c 20150720  |g RCR 
942 |c BK